000 00527nam a22001937a 4500
003 MPLRDC
005 20220104193725.0
008 210129b ||||| |||| 00| 0 eng d
020 _a978-988-216-292-1
082 _a848.3 CL-57
100 _a蔡澜
245 _a蔡澜饮食男女百科全书
_c
250 _a香港初版一刷
260 _a香港
_b皇冠出版社(香港)有限公司
_c2013
300 _b
490 _a香港皇冠丛书第一二五四种
650 _a现代别集
942 _cBK
_o848.3 CL-57
999 _c65335
_d65325